| 000 | 00855nam a2200217Ii 4500 | ||
|---|---|---|---|
| 003 | JO-AjNU | ||
| 008 | 230605s9999||||xx |||||||||||||| ||und|| | ||
| 040 |
_aJO-AjNU _bara _erda _cJO-AjNU |
||
| 041 | _aara | ||
| 050 | 1 | 4 | _aK3626.R33.2001 |
| 100 | 3 |
_a رجب ، محمد حسيب حافظ , _eauthor _97073 |
|
| 245 | 0 | 0 | _aالتشريعات المتعلقة بالرقابة عاى الأغذية = FOOD CONTROL LEGISLATION |
| 250 | _a(د،ط) | ||
| 264 | 3 | 1 | _aالاسكندرية : مكتبة المعارف الحديثة ، 2001 |
| 300 | _a86ص | ||
| 336 |
_atext _btxt _2rdacontent |
||
| 337 |
_aunmediated _bn _2rdamedia |
||
| 338 |
_avolume _bnc _2rdacarrier |
||
| 490 | 0 | _aسلسلة علوم وتقنية تكنولوجيا الأغذية | |
| 650 | 4 |
_aالأغدية -- الرقابة الصناعية -- قوانين وتشريعات _97074 |
|
| 999 |
_aA94 _c3662 _d3662 |
||